Statistics for Pokemon Theme Tune Lyrics

Click here to take the quiz!

General Stats

  • This quiz has been taken 52,331 times
  • The average score is 16 of 24

Answer Stats

Lyrics % Correct
I wanna be the {very} {best}
97%
Like no one {ever} {was}
94%
I will travel across the {land}
91%
Pokemon gotta {catch} '{em} {all}
89%
Searching {far} {and} {wide}
88%
The power that's {inside}
86%
You teach me and I'll {teach} {you}
85%
To train them is my {cause}
85%
To catch them is my {real} {test}
81%
Pokemon oh you're my {best} {friend}
81%
In a world we must {defend}
79%
Each Pokemon to {understand}
77%
I know, it's {my} {destiny}
76%
Our courage will pull us {through}
75%
Pokemon its {you} {and} {me}
62%
Arm in arm we'll win the {fight}
52%
Pokemon a {heart} {so} {true}
41%
It's always been our {dream}
40%
To claim my {rightful} {place}
36%
With courage I will {face}
36%
Come with me, the {time} {is} {right}
33%
There's no better {team}
33%
Every challenge {along} {the} {way}
31%
I will battle {every} {day}
29%

Score Distribution

Percentile by Number Answered

Percent of People with Each Score

Your Score History

You have not taken this quiz